| Поле | Инд. | ПП | Название | Значение |
|---|---|---|---|---|
| Тип записи | a | |||
| Библиографический уровень | m | |||
| 001 | Контрольный номер | UNIDUBNA15543d01372c4351862933af9f2e8db7 | ||
| 005 | Дата корректировки | 20260423084528.2 | ||
| 017 | a | Номер регистрации авт. права | Акт приемки-передачи Произведения № 17/2025 от 10.10.2025 | |
| 020 | a | ISBN | 9785898477394 | |
| 040 | b | Код языка каталог. | rus | |
| 041 | 0_ | a | Код языка текста | rus |
| 084 | a | Индекс другой классификации/Индекс ББК | 67.407я73 | |
| 090 | a | Полочн. индекс | 67.407я73 | |
| x | Авторский знак | З-166 | ||
| 100 | 1_ | a | Автор | Зазолина Е. В. |
| q | Полное имя | Зазолина Елена Викторовна | ||
| 245 | 10 | a | Заглавие | Экологическое право. Общая часть |
| b | Продолж. заглавия | учебное пособие | ||
| c | Ответственность | рецензенты А. И. Глушков, Ф. Н. Михайлов; редактор Л. И. Зорина; Министерство науки и высшего образования Российской Федерации; Государственный университет "Дубна". Факультет социальных и гуманитарных наук. Кафедра юриспруденции | ||
| 260 | a | Место издания | Дубна | |
| b | Издательство | Государственный университет "Дубна" | ||
| c | Дата издания | 2025 | ||
| 300 | a | Объем | 116 с. | |
| 336 | a | Термин вида содержания | Текст | |
| 337 | a | Термин типа средства | непосредственный + электронный | |
| 504 | a | Библиография | Список использ. лит.: с. 106 | |
| 521 | 0_ | a | Примеч. о целев. назн. | бакалавриат |
| a | Примеч. о целев. назн. | магистранты | ||
| 650 | 04 | a | Основная рубрика | право |
| a | Основная рубрика | экологическое право | ||
| 653 | 0_ | a | Ключевые слова | административная ответственность |
| a | Ключевые слова | государственное регулирование | ||
| a | Ключевые слова | гражданско-правовая ответственность | ||
| a | Ключевые слова | дисциплинарная ответственность | ||
| a | Ключевые слова | имущественная ответственность | ||
| a | Ключевые слова | информационное обеспечение | ||
| a | Ключевые слова | источники экологического права | ||
| a | Ключевые слова | лицензирование природопользования | ||
| a | Ключевые слова | нормы экологического права | ||
| a | Ключевые слова | охрана окружающей среды | ||
| a | Ключевые слова | право природопользования | ||
| a | Ключевые слова | право собственности | ||
| a | Ключевые слова | предельно допустимые выбросы (ПДВ) | ||
| a | Ключевые слова | природные объекты | ||
| a | Ключевые слова | природные ресурсы | ||
| a | Ключевые слова | природопользование | ||
| a | Ключевые слова | природоресурсные платежи | ||
| a | Ключевые слова | производственный экологический контроль | ||
| a | Ключевые слова | производственный экологический мониторинг | ||
| a | Ключевые слова | уголовная ответственность | ||
| a | Ключевые слова | утилизационные сборы | ||
| a | Ключевые слова | экологическая информация | ||
| a | Ключевые слова | экологическая сертификация | ||
| a | Ключевые слова | экологическая экспертиза | ||
| a | Ключевые слова | экологические нормативы | ||
| a | Ключевые слова | экологические правонарушения | ||
| a | Ключевые слова | экологические правоотношения | ||
| a | Ключевые слова | экологические преступления | ||
| a | Ключевые слова | экологические сборы | ||
| a | Ключевые слова | экологический аудит | ||
| a | Ключевые слова | экологический контроль | ||
| a | Ключевые слова | экологический мониторинг | ||
| a | Ключевые слова | экологический надзор | ||
| a | Ключевые слова | экологическое законодательство | ||
| a | Ключевые слова | экологическое нормирование | ||
| a | Ключевые слова | экологическое страхование | ||
| a | Ключевые слова | экологическое управление | ||
| a | Ключевые слова | юридическая ответственность | ||
| 655 | a | Жанр/ форма (устаревшее) | учебное пособие | |
| 700 | 12 | a | Автор | Глушков А. И. |
| e | Роль лиц | рецензент | ||
| 700 | 12 | a | Автор | Михайлов Ф. Н. |
| e | Роль лиц | рецензент | ||
| 700 | 12 | a | Автор | Зорина Л. И. |
| e | Роль лиц | рецензент | ||
| 720 | a | Наименование подборки | СЭБ5 | |
| e | Признак/вид подборки | Тематические подборки | ||
| 856 | 40 | a | Имя сервера/домена | Библиотечная система Университета "Дубна" |
| d | Путь | http://lib.uni-dubna.ru/MegaPRO/Web | ||
| i | Указания/сценарий входа | Доступ по номеру читательского билета и фамилии читателя | ||
| u | URL | https://lib.uni-dubna.ru/ProtectedView/Book/ViewBook/33967 | ||
| y | Справочный текст | Электронная версия | ||
| 856 | 40 | a | Имя сервера/домена | ЭБС "Лань" |
| d | Путь | http://e.lanbook.com/ | ||
| i | Указания/сценарий входа | Доступ по логину и паролю | ||
| u | URL | https://e.lanbook.com/book/516064 | ||
| v | Время доступа к ресурсу | 10.04.2026 | ||
| y | Справочный текст | Электронная версия | ||
| 900 | a | Имя электронного ресурса | akt_17_2025_Zazolina | |
| 900 | a | Имя электронного ресурса | obl_Zazolina_Ekologicheskoe | |
| x | Справочная информация | Обложка | ||
| 900 | a | Имя электронного ресурса | Zazolina_Ekologicheskoe | |
| x | Справочная информация | Полный текст | ||
| 901 | t | Тип документа | m | |
| 952 | a | Тип литературы для КСУ ВШ | УИ |